| 000 | 01517nam a2200229 4500 | ||
|---|---|---|---|
| 999 |
_c61880 _d61880 |
||
| 003 | Ge_BSU | ||
| 005 | 20240603094752.0 | ||
| 008 | 240603s1989 ge ||||| |||| 00| 0 geo d | ||
| 041 | _ageo | ||
| 080 | _a37.015.3 + 614 დ-86 | ||
| 100 |
_aდუბროვსკი, ალექსი _922278 |
||
| 245 |
_aექიმის ღია წერილი მასწავლებელს : _bბავშვის ჯანმრთელობა-ქვეყნის მომავალია / _cალექსი დუბროვსკი ; [თარგმნა ზურაბ ცუცქირიძემ ; რედ. ლევან ასათიანი] ; საქ. სსრ სახალხო განათლ. სამინ. სამეცნ.-საწ. პედაგ. გაერთ-ბა. |
||
| 264 |
_aთბ., _c1989. |
||
| 300 |
_a48 გვ. ; _b 17 სმ. |
||
| 653 | _a მოსწავლის ჰიგიენა | ||
| 653 | _a ბავშვთა ჯანმრთელობა | ||
| 653 | _a პედაგოგიკური ფსიქოლოგია | ||
| 700 |
_aცუცქირიძე, ზურაბ, _eმთარგმნ. _922279 |
||
| 700 |
_aასათიანი, ლევან _e რედ. _93571 |
||
| 710 |
_a საქ. სსრ სახალხო განათლ. სამინ. სამეცნ.-საწ. პედაგოგ. გაერთ-ბა. _922280 |
||
| 942 |
_2udc _cᲬᲘᲒᲜᲘ |
||